000 00741nam a2200253Ia 4500
003 OSt
005 20220927105730.0
006 a|||||r|||| 00| 0
007 ta
008 220926b |||||||| |||| 00| 0 eng d
020 _a9780195642568
024 _a203653
037 _cReference Collections
040 _aRTL
_cRTL
_beng
041 _2eng
_aeng
082 _a"X:75.2.N9, N2"
100 _aDATTA Bhabatosh
_9374556
245 0 _aIndian planning at the crossroads
260 _a"Delhi,"
_bOxford University Press
_c1992
300 _a251p.
_ccm.
490 _aEconometric Society Monographs; 49-51
942 _h"X:75.2.N9, N2"
_cCC
999 _c694230
_d694230